Statistics for Countries That End in D

Click here to take the quiz!

General Stats

  • This quiz has been taken 73 times
    (69 since last reset)
  • The average score is 8 of 9

Answer Stats

Answer% Correct
Iceland
93%
Finland
90%
Ireland
88%
Poland
88%
Thailand
83%
Switzerland
80%
New Zealand
77%
Chad
75%
Swaziland
75%

Score Distribution

Percentile by Number Answered

Percent of People with Each Score

Your Score History

You have not taken this quiz since the last reset